000 00347nam a2200133Ia 4500
999 _c3027
_d3027
008 200103s 1999 ||||xx |||||||||||||| ||und||
020 _a9788175960404,
082 _a621.366
_bSIL
100 _aSilfvast, William T.
245 0 _aLaser Fundamentals
260 _bCambridge University Press
_c1999
_aLondon
300 _a521p.
942 _cBK